000 00642na a2200241 4500
001 23242
003 MIRAKIL
005 20181213155335.0
008 181119b tu 000 0
020 _a9789752201262
040 _aMilas
_btur
_cTR-AnCHP
041 _atur
082 _a320.9561
_bB56 2005
090 _a320.9561 B56 2005
245 _aBir Millet uyanıyor
_cyöneten Atılla İlhan
250 _a4. bs.
260 _aAnkara
_bBilgi Yayınevi
_c2005
300 _a277 s.
_c22 sm.
490 _aBir millet uyanıyor
_v1
650 _aEmperyalizm
_xTürkiye
650 _aSiyaset ve yönetim
_xTürkiye
942 _2ddc
_cBKS
999 _c10847
_d10847